[Event "Sochi ChessAmateur op10"]
[Site "Sochi"]
[Date "2018.10.13"]
[Round "3"]
[White "Khotenko, Daniil"]
[Black "Butvin, Andrey"]
[Result "1-0"]
[WhiteElo "1264"]
[BlackElo "1802"]
[PlyCount "67"]
[EventDate "2018.10.12"]
[EventType "swiss"]
[EventRounds "9"]
[EventCountry "RUS"]
[SourceTitle "CBM 187 Extra"]
[Source "ChessBase"]
[SourceDate "2018.11.04"]
[SourceVersion "1"]
[SourceVersionDate "2018.11.04"]
[SourceQuality "1"]

1. e4 e6 2. d4 d5 3. Nd2 Nf6 4. e5 Nfd7 5. Bd3 c5 6. c3 Nc6 7. Ndf3 cxd4 8. cxd4 f6 9. exf6 Qxf6 10. Ng5 Bb4+ 11. Kf1 g6 12. N5f3 0-0 13. Bg5 Qg7 14. Bb5 h6 15. Bxc6 bxc6 16. Be3 Ba6+ 17. Ne2 e5 18. Qa4 Bxe2+ 19. Kxe2 exd4 20. Bxd4 Qe7+ 21. Be3 c5 22. Kf1 Kh7 23. a3 d4 24. Bxd4 Nb6 25. Qb5 cxd4 26. Qxb4 Qd7 27. Qxd4 Qb5+ 28. Kg1 Rad8 29. Qb4 Qd5 30. h3 Nc4 31. Rc1 Rxf3 32. Qxc4 Qg5 33. h4 Qd2 34. gxf3 1-0